000 00339 a2200133 4500
245 _aThérapeutique : réservé au corps médical tome 2
100 _aFaculté de médecine Saint-Louis Lariboisière
260 _c1981
300 _a352 p.
035 _a4044
999 _c17602
_d17602